[Event "Ciocaltea Memorial"]
[Site "Bucharest"]
[Date "2002.03.12"]
[Round "9"]
[White "Rogozenco, Dorian"]
[Black "Murariu, Andrei"]
[Result "1-0"]
[WhiteElo "2530"]
[BlackElo "2418"]
[Annotator "Huebner,R"]
[PlyCount "89"]
[EventDate "2002.03.04"]
[EventType "tourn"]
[EventRounds "11"]
[EventCountry "ROU"]
[EventCategory "9"]
[SourceTitle "CBM 088"]
[Source "ChessBase"]
[SourceDate "2002.03.21"]
[SourceVersion "1"]
[SourceVersionDate "2002.03.21"]
[SourceQuality "1"]

1. Nf3 {Rogozenko} Nf6 2. c4 c6 3. d4 d5 4. Nc3 dxc4 5. a4 Bf5 6. Ne5 e6 7. f3
Bb4 8. e4 Bxe4 9. fxe4 Nxe4 10. Bd2 Qxd4 11. Nxe4 Qxe4+ 12. Qe2 Bxd2+ 13. Kxd2
Qd5+ 14. Kc2 Na6 15. Nxc4 O-O-O 16. Qe3 c5 (16... Nc5 17. Be2 Qxg2 (17... Qf5+
18. Kc3 Qf6+ 19. Kb4 (19. Qe5 Ne4+ 20. Kb3 Qxe5 21. Nxe5 Rd2 22. Rae1 $14 {
Hübner}) 19... Rd5 20. Ka3 Rhd8 21. Rad1 $14 {Agdestein,S-Hansen,Cu, Reykjavik
(zt) 1995, CBM 47.}) 18. Rhg1 Qxh2 19. Kc3 (19. Rh1 Qg2 20. Rag1 Qe4+ 21. Qxe4
Nxe4 22. Rxg7 Rd4 $10 {Hergott,D-Marjanovic,S, Belgrad (GMA) 1988, TD 88/07.})
(19. b4 Nd3 20. Rh1 Qf2 21. Qxf2 Nxf2 22. Rhf1 Ne4 23. Rxf7 Rd7 $10 {
Kalatarian,N-Kinsman,A,Cannes op 1995, EXP 46.}) 19... Rd5 20. b4 Nd7 21. Bf3
Kb8 $13 {Muse,M-Chernin,A, Altensteig 1991, CBM 25.}) 17. Kb3 {'!' Rogozenko.
Rogozenko: 'This looks better than the more common 17.Be2. White prepares 18.
Rc1.'} (17. Be2 Nb4+ {'!' Rogozenko.} 18. Kb3 (18. Kc3 $4 {Rogozenko} Qf5 $19
19. Kb3 Qc2+ 20. Ka3 Qxc4 $1 21. Bxc4 Nc2+) 18... Nc6 19. Rhd1 (19. Rac1 Qxg2
20. Ka3 Nd4 21. Bd3 Qf3 (21... Qc6 22. Ne5 Qb6 (22... Qc7 23. b4 $40) 23. Ka2
$36) 22. Qxf3 Nxf3 23. Rc3 Rd7 (23... f6 $142 24. Bxh7 Rxh7 25. Rxf3 Rd4 $10)
24. Rf1 (24. Bxh7 Rxh7 25. Rxf3 f6 $10) 24... Nxh2 25. Rxf7 Rxf7 26. Nd6+ Kd7
27. Nxf7 Rf8 28. Ne5+ Kd6 29. Nc4+ Kd5 30. Bxh7 Nf3 31. Ne3+ Kd4 32. Nc2+ Kd5
33. Re3 Ng5 34. Bd3 e5 35. Kb3 (35. Rg3 Ne6 36. Ne3+ Kd4 37. Nf5+ Kd5 38. Nxg7
Nf4 39. Bc2 {bot dem Weißen noch stets Gewinnchancen.}) 35... e4 36. Rg3 Nf3 (
36... exd3 37. Rxg5+ Ke4 38. Rg4+ Kf3 39. Rxg7 $10) 37. Bc4+ Ke5 38. Rxg7 Nd2+
39. Kc3 Nb1+ 40. Kb3 {1/2-1/2 Blanco Fernandez,A-Arencibia,J/Matanzas 1995/CBM
48/[Huebner,R] (40).}) (19. Kc3 Nd4 20. Bf3 Nxf3 $10) 19... Nd4+ 20. Ka2 Qxg2
21. Bd3 Qc6 ({Nach} 21... Qd5 22. Rac1 f5 23. b4 Kb8 (23... cxb4 {scheitert an}
24. Be4 fxe4 25. Rxd4 {,und Weiß gewinnt.}) 24. bxc5 Qxc5 {sollte Schwarz
keine Sorgen haben. Er möchte aber noch mehr Bauern schnappen.}) 22. Rac1 Qxa4+
23. Na3 Qb3+ (23... b6 $5 {mußte gewagt werden. Schwarz möchte diese
Schwächung vermeiden; aber jetzt verliert er seinen g-Bauern und gerät in
Nachteil.}) 24. Kb1 Nc6 (24... Rd5 25. Qg1 {ist nicht besser; es droht sowohl
26.Lc4 wie 26.Dg7:.}) 25. Qg3 Rd7 (25... g6 26. Nb5 Rd7 27. Nd6+ Rxd6 (27...
Kd8 {scheitert an} 28. Nxf7+) 28. Qxd6 Rd8 29. Qg3 Rd5 30. Be4 Qxg3 (30... Qxd1
31. Rxd1 Rxd1+ 32. Kc2 Rd7 33. Bxc6 {ist natürlich hoffnungslos für Schwarz})
31. hxg3 Rxd1 32. Rxd1 Nd4 33. g4 f5 34. gxf5 exf5 35. Bd5 {, und Weiß stürzt
sich auf die Königsflügelbauern des Schwarzen.}) (25... a6 26. Nc4 {ist
ebenfalls unbefriedigend für Schwarz.}) 26. Qxg7 Rhd8 27. Bc2 Qb4 (27... Qh3
28. Rxd7 Rxd7 29. Qf8+ Kc7 30. Qxc5 {ist auch äußerst unerfreulich für Schwarz.
}) 28. Rxd7 Rxd7 29. Qxh7 Nd4 (29... f5 30. Qg8+ Nd8 {bot vielleicht bessere
Überlebensaussichten.}) 30. Qg8+ Kc7 31. Qg3+ Kc8 32. Qe3 Rd6 33. Bd1 Nf5 (
33... f5 34. h4 {als auch nach}) (33... Rd5 34. Nc2 Nxc2 35. Bxc2 {äußerst
prekär; der freie h-Bauer des Weißen sollte den Sieg verbürgen.}) 34. Rxc5+ Kb8
(34... Kd7 35. Qc1 {ist nicht besser.}) 35. Qc1 a6 36. Bf3 Nd4 37. Rc4 Qb3 38.
Rc3 Qb4 39. Nc2 Nxc2 40. Rxc2 Rd7 41. Rc8+ Ka7 42. Qg1+ Qd4 43. Qxd4+ Rxd4 44.
Rc7 Kb6 45. Rxf7 Rh4 46. Rf6 Rxh2 47. Rxe6+ Kc5 48. Bxb7 {1-0 Gyimesi,Z-Postny,
E/Tel Aviv 2001/CBM 82/[Huebner,R] (48).}) 17... Nb4 18. Rc1 Nc6 19. Ka3 Nd4 {
Schwarz kann keinen fruchtbaren Plan in dieser Stellung entwickeln; meines
Erachtens hat Weiß Vorteil.} (19... Kb8 20. Qg3+ e5 21. Qxg7 f5 22. Qg3 Rhg8
23. Qc3 Nd4 $6 (23... f4 $13) 24. Na5 $16 {1-0 Schandorff,L-Jelling,E/DEN 1996/
EXT 99 (60). (59)}) (19... f6 {Rogozenko} 20. Na5 $1 Nd4 21. Qg3 $16 {/\ 22.
Qxg7; /\ 22.Bc4.} (21. Bc4 {Rogozenko} Qd6 $14) (21. b4 $16 {Rogozenko} Kb8
$140 22. Qg3+ (22. Rxc5 $4 {Rogozenko} Qxc5) 22... Ka8 23. Rxc5 $18)) 20. Rg1 {
'!?' Rogozenko.} (20. Ne5 {Rogozenko} Rhf8 21. Bc4 Qd6 $1 (21... Qxg2 {
Rogozenko} 22. Rhg1 Qxh2 23. Rxg7 $16) 22. Ka2 Kb8 $14) 20... f6 {'[]'
Rogozenko.} 21. g4 Qc6 (21... Qf3 {Rogozenko} 22. Qxf3 Nxf3 23. Rg3 Nd4 (23...
Nxh2 {Rogozenko} 24. Be2 $18) 24. Ne3 b6 25. b4 Kd7 26. bxc5 Rc8 27. Ba6 $1 Rc7
$16 (27... Rxc5 {Rogozenko} 28. Rd1 e5 29. Nf5 $18)) 22. Bg2 (22. Na5 {
Rogozenko} Qb6 23. Qc3 Rd5) 22... Qa6 23. b3 Kb8 24. Kb2 {'+/-' Rogozenko.} e5
$6 (24... h6 {nimmt dem Weißen die Möglichkeit zur bequemen Öffnung der
g-Linie. Schwarz hat danach viel bessere Überlebensaussichten als in der
Partie.}) 25. g5 Rhe8 26. Rce1 Ne6 27. gxf6 gxf6 28. Qe4 {'?!' Rogozenko.} (28.
Be4 {führt zu großem Vorteil.}) (28. Qh6 $1 {Rogozenko} Nf4 (28... Nd4 {
Rogozenko} 29. Qxh7 Rh8 30. Qe7 Rde8 31. Qxc5 Rxh2 32. Qxd4 $1 exd4 33. Rxe8+
Kc7 34. Ka3 $18) 29. Be4 $18) 28... Nf4 (28... Re7 {Rogozenko} 29. Rd1 Nd4 (
29... Rd4 {Rogozenko} 30. Rxd4 $16) 30. Bh3 $16) 29. Bf1 Ng6 30. h4 $2 (30. Qc2
Qc6 31. Bd3 {führt zum Gewinn des gegnerischen h-Bauern; Weiß sollte gewinnen.}
) 30... Rd4 31. Qc2 Rxh4 32. Qf2 (32. Nxe5 {scheitert an} Qd6 {'!' Rogozenko.}
33. Nf3 (33. Nxg6 {Rogozenko} Qd4+ $19) 33... Rxe1 34. Nxe1 Qd4+) 32... Rd4 $2
(32... Qc6 33. Nxe5 {'!' Rogozenko.} (33. Rxg6 {scheitert an} Rf4 34. Qg3 hxg6
35. Nxe5 $1 fxe5 36. Bb5 $13) 33... Rxe5 (33... fxe5 34. Bb5 (34. Rxg6 $2 {
Rogozenko} Rf4 $1) 34... Rf4 {'!' Rogozenko.} 35. Qc2 (35. Qe3 {Rogozenko} Qd5
$1 36. Bxe8 $140 Rf3) 35... Qe6 36. Bxe8 Qxe8 37. Qxc5 Qf8 38. Qxf8+ Rxf8 {
mag zum Remis genügen, obwohl die Stellung des Schwarzen nicht bequem ist.})
34. Rxg6 (34. Rxe5 {Rogozenko} fxe5 35. Rxg6 hxg6 36. Qxh4 $16) 34... hxg6 35.
Rxe5 Qd6 36. Re8+ Kc7 {führt zu einer ausgeglichenen Stellung.}) (32... Rf4 33.
Qxc5 Rc8 {mag haltbar für Schwarz sein; aber seine Stellung ist unbequem.}) 33.
Nxe5 $18 Qd6 34. Nc4 Qd8 35. Rxe8 Qxe8 36. Qxf6 Qe1 37. Rxg6 Rd2+ 38. Nxd2
Qxd2+ 39. Ka3 Qb4+ 40. Ka2 Qd2+ 41. Qb2 Qxb2+ 42. Kxb2 hxg6 43. Kc3 Kc7 44. Kc4
b6 45. Kb5 1-0

[Event "ARG-ch 72nd"]
[Site "Pinamar"]
[Date "2002.03.14"]
[Round "5"]
[White "Giardelli, Sergio Carlos"]
[Black "Felgaer, Ruben Alejandro"]
[Result "0-1"]
[WhiteElo "2428"]
[BlackElo "2509"]
[Annotator "Huebner,R"]
[PlyCount "64"]
[EventDate "2002.03.11"]
[EventType "tourn"]
[EventRounds "13"]
[EventCountry "ARG"]
[EventCategory "9"]
[SourceTitle "CBM 088"]
[Source "ChessBase"]
[SourceDate "2002.03.21"]
[SourceVersion "1"]
[SourceVersionDate "2002.03.21"]
[SourceQuality "1"]

1. d4 Nf6 2. Nf3 d5 3. c4 c6 4. Nc3 dxc4 5. a4 Bf5 6. Ne5 Nbd7 7. Nxc4 Qc7 8.
Ne3 $2 {Diese Neuerung taugt natürlich nichts; Weiß verschlechtert seine
Stellung bedeutend.} Bg6 9. g3 Rd8 10. Bg2 e5 11. O-O exd4 12. Qxd4 Ne5 $6 (
12... Bc5 {ist stärker.}) 13. Qxa7 Nfd7 14. Ned5 $2 ({Nach} 14. Qd4 Nc5 15. Qb4
Ne6 (15... Be7 16. a5 {ist nicht besser für Schwarz.}) 16. Qb3 Nd4 17. Qa2 {
hat Schwarz nicht mehr als ausreichende Kompensation für den geopferten Bauern.
}) 14... cxd5 15. Nxd5 Qb8 16. Qxb8 Rxb8 17. f4 Bc5+ $6 (17... Nc6 {führt zum
Gewinn.}) 18. Kh1 $2 ({Nach} 18. Be3 Nc6 19. Bxc5 Nxc5 20. f5 Bh5 21. b4 Nb3
22. Ra2 {ist die Lage unklar.}) 18... Nc6 $18 19. f5 Bh5 20. Nf4 Bg4 21. Nd3
O-O 22. Bf4 Rbd8 23. Rfc1 Bd4 24. e3 Bf6 25. Bc7 Rc8 26. Bd6 Rfd8 27. e4 Nde5
28. Nxe5 Nxe5 29. Bc7 Re8 30. Rc2 Be2 31. Re1 Bd3 32. Rc3 Ba6 0-1

[Event "EU-ch 2nd"]
[Site "Ohrid"]
[Date "2001.06.06"]
[Round "6"]
[White "Korobov, Anton"]
[Black "Motylev, Alexander"]
[Result "0-1"]
[WhiteElo "2401"]
[BlackElo "2601"]
[Annotator "Huebner,R"]
[PlyCount "80"]
[EventDate "2001.06.01"]
[EventType "swiss"]
[EventRounds "13"]
[EventCountry "YUG"]
[SourceTitle "CBM 084"]
[Source "ChessBase"]
[SourceDate "2001.09.13"]
[SourceVersion "1"]
[SourceVersionDate "2001.09.13"]
[SourceQuality "1"]

1. d4 d5 2. c4 c6 3. Nc3 Nf6 4. Nf3 dxc4 5. a4 Bf5 6. Ne5 e6 7. f3 Bb4 8. h4 {
Dies ist eine originelle Idee; Aussicht auf Vorteil bietet sie bei
angemessener Reaktion natürlich nicht.} c5 9. dxc5 Qc7 10. Qd6 Qxd6 11. cxd6
Bxd6 12. Nxc4 Bg3+ 13. Kd1 Nc6 14. e4 O-O-O+ 15. Kc2 {Nicht überzeugender ist}
(15. Bd2 Bg6 16. Kc1 Nh5 (16... Nd4 $5) 17. Ne2 f5 18. exf5 exf5 19. Nxg3 Nxg3
20. Rg1 Nd4 $15 {1-0 Hausner,I-Pribyl,M/Prague 1992/TD (40). (40)}) 15... Bg6
16. Be3 h6 17. Kb3 a6 18. Rc1 Kb8 19. Rh3 Bc7 20. g4 Nd5 21. exd5 exd5 22. Nxd5
Rxd5 23. h5 Bh7 24. f4 f6 25. Bg2 $6 ({Weiß hat sich bis jetzt ausgezeichnet
verteidigt, aber hier gefällt mir} 25. f5 {noch besser.}) 25... Rd3+ 26. Rc3
Nd4+ 27. Ka3 Nc2+ 28. Kb3 Nd4+ $6 {Gute Gewinnaussichten bot die Folge} (28...
Nxe3 29. Rxe3 Rxe3 30. Rxe3 Rc8 31. Kb4 (31. Re7 Bg8 {führt zum Verlust.})
31... Bg8 ({Nach} 31... Bxf4 32. Re7 Rc7 33. Re8+ Ka7 34. Be4 Bxe4 35. Rxe4 {
hat Weiß gute Remisaussichten.}) 32. Rd3 Bxf4 33. Nb6 Re8 34. Rd7 Re7 35. Rd8+
Kc7 36. Rxg8 Kxb6) 29. Ka3 Rd8 30. f5 Rd1 31. b3 $2 ({Mit} 31. Rh1 {konnte
Weiß das Gleichgewicht aufrechterhalten, zum Beispiel} Rxh1 32. Bxh1 b5 33. Nd2
a5 34. Ka2 $11 Bg8+ 35. Kb1 Ne2 (35... bxa4 36. Rd3 Bb6 37. Bg2 $11) 36. Ba7+
Kc8 37. Rc2 bxa4 38. Bb6 Rd7 39. Bf3 Nf4 40. Bxa5 $11) 31... b5 $19 32. Nb2 (
32. Nd2 {bietet keine besseren Aussichten:} Be5 33. Ne4 a5 34. Kb2 (34. Ka2 Ne2
) 34... Nxf5 $19 {, und Schwarz gewinnt.}) 32... Ra1+ 33. Kb4 Bb6 ({Die
Fortsetzung} 33... Ra2 {führte vielleicht einfacher zum Gewinn, zum Beispiel}
34. Rxc7 Kxc7 35. Bf4+ Kd7 36. Bd5 Rxb2 (36... Ke7 37. Kc5 Rxb2 38. Kxd4 bxa4 {
muß auch zum Gewinn genügen.}) 37. Rd3 Ne2 38. Bc4+ Ke7 39. Re3+ Kf8 40. Bxe2
Rxe2 41. Rxe2 Rd4+ {usw.}) 34. Bf4+ Ka7 35. Rc7+ Bxc7 36. Bxc7 Rc8 $6 (36...
Rd7 {ist auf jeden Fall viel einfacher:} 37. Rc3 Ra2 {mit raschem Sieg.}) 37.
Rc3 Rg1 38. Bd5 Rxg4 ({Auch die Fortsetzung} 38... Bg8 39. Bxg8 Rxg8 40. Ka5
Rxg4 41. Bb6+ Kb8 42. Kxa6 {bietet keinen direkten Weg zum Gewinn.}) 39. Ka5 $6
({Nach} 39. Bb6+ Kb8 (39... Kxb6 $4 40. a5+ Ka7 41. Rxc8 $18) 40. Ba7+ Kxa7 41.
Rxc8 Bxf5 42. Ra8+ Kb6 43. a5+ Kc7 44. Rxa6 {muß Schwarz noch tüchtig arbeiten,
um den Sieg zu erreichen.}) 39... Bxf5 40. Bb6+ Kb8 0-1

[Event "Sigeman & Co 10th"]
[Site "Malmo"]
[Date "2002.06.14"]
[Round "9"]
[White "Nielsen, Peter Heine"]
[Black "Timman, Jan H"]
[Result "1-0"]
[WhiteElo "2636"]
[BlackElo "2616"]
[Annotator "Huebner,R"]
[PlyCount "45"]
[EventDate "2002.06.06"]
[EventType "tourn"]
[EventRounds "9"]
[EventCountry "SWE"]
[EventCategory "13"]
[SourceTitle "CBM 090"]
[Source "ChessBase"]
[SourceDate "2002.09.20"]
[SourceVersion "1"]
[SourceVersionDate "2002.09.20"]
[SourceQuality "1"]

1. d4 d5 2. c4 c6 3. Nf3 Nf6 4. Nc3 dxc4 5. a4 Bf5 6. Ne5 Nbd7 7. Nxc4 Nb6 8.
Ne5 a5 9. g3 Nfd7 10. Nxd7 {Dies sieht natürlicher aus als 10.Sd3. Ein Vorbild
mit diesem Zuge:} (10. Nd3 Nd5 11. Bg2 Nb4 $6 12. e4 Bg4 13. f3 Be6 14. Nxb4
axb4 15. d5 $16 {1-0 Blagojevic,D-Kirov,N/Cetinje 1996/EXT 2000 (40). (39)})
10... Qxd7 $6 (10... Nxd7 11. e4 Bg6 12. d5 e5 {sieht spielbar für Schwarz aus.
}) 11. e4 Bg4 (11... Bg6 12. Be3 {mit der Drohung d4-d5 ist ebenfalls
unerfreulich für Schwarz.}) 12. f3 Bh3 13. Bxh3 Qxh3 14. Qb3 Ra6 {Die Stellung
des Turmes auf a6 gefällt mir nicht.} (14... Qg2 15. Rf1 Ra6 16. Be3 e6 17. d5
Bb4 18. dxe6 {ist jeodch fatal für Schwarz.}) 15. Be3 Qg2 $2 {Dies ist
Selbstmord, wie schon die vorige Anmerkung zeigt.} (15... e6 {bot immerhin
noch Möglichkeiten, weiterzukämpfen.}) 16. O-O-O $18 {Dies ist jetzt noch
stärker als der Deckungszug} (16. Rf1 {Die Stellung des Schwarzen fliegt
auseinander.}) 16... Qxf3 17. Rhe1 g6 (17... e6 18. d5 Bb4 19. dxe6 {ist
hoffnungslos für Schwarz, zum Beispiel} O-O (19... Qf6 20. exf7+ Qxf7 21. Rd8+
{ist nicht besser.}) 20. Bxb6 Rxb6 21. e7 {mit Turmgewinn.}) 18. d5 Bg7 19.
Bxb6 O-O 20. Bd4 Bxd4 21. Rxd4 Qf2 22. Red1 Qxh2 23. Qxb7 1-0

[Event "NED-ch57"]
[Site "Leeuwarden"]
[Date "2002.06.26"]
[Round "6"]
[White "Janssen, Ruud"]
[Black "Sokolov, Ivan"]
[Result "0-1"]
[WhiteElo "2469"]
[BlackElo "2647"]
[Annotator "Huebner,R"]
[PlyCount "46"]
[EventDate "2002.06.20"]
[EventType "tourn"]
[EventRounds "9"]
[EventCountry "NED"]
[EventCategory "13"]
[SourceTitle "CBM 090"]
[Source "ChessBase"]
[SourceDate "2002.09.20"]
[SourceVersion "1"]
[SourceVersionDate "2002.09.20"]
[SourceQuality "1"]

{[%mdl 1]} 1. d4 d5 2. c4 c6 3. Nf3 Nf6 4. Nc3 dxc4 5. a4 Bf5 6. Ne5 Nbd7 7.
Nxc4 Nb6 8. Ne5 a5 9. f3 Nfd7 10. e4 Bg6 11. Qb3 $6 (11. Nxg6 hxg6 12. Bf4 {
sieht plausibler aus. Auf} e5 13. dxe5 Bc5 {folgt} 14. e6) 11... Nxe5 12. dxe5
e6 13. Be3 Bb4 14. Rd1 Nd7 15. Be2 Qe7 16. O-O O-O ({Ich sehe nicht, was gegen
} 16... Nxe5 {spricht.}) 17. Kh1 Bh5 (17... Nxe5 {ist noch stets spielbar,
wenn Weiß auch nach} 18. Na2 {keinen großen Nachteil hat.}) 18. Bg5 $1 (18. f4
{ist nicht besser:} Bxc3 (18... Bxe2 19. Nxe2 Rfd8 {ist ebenfalls befriedigend.
}) 19. Bxh5 Bb4 {usw.}) 18... Qxg5 19. Rxd7 Rad8 20. f4 Qh4 21. g3 $2 ({
Richtig ist} 21. Rxb7 Rd2 22. Bxh5 Qxh5 23. Nb1) 21... Qh3 22. Rxd8 Rxd8 23.
Rd1 $2 {Viel zäher war} (23. Rf2 {. Nach} Bxe2 24. Nxe2 Bc5 25. Ng1 (25. Rg2
Rd2 {, und Schwarz gewinnt.}) 25... Qh5 26. Rf1 Bxg1 27. Kxg1 Qe2 28. Qxb7 h6
29. Qb6 Rd2 30. Qf2 Qd3 {dürfte Weiß allerdings nicht überleben können.}) 23...
Rd2 0-1

[Event "Yongchuan zt 3.3"]
[Site "Yongchuan"]
[Date "2003.07.16"]
[Round "5"]
[White "Wang, Rui"]
[Black "Bu, Xiangzhi"]
[Result "0-1"]
[WhiteElo "2481"]
[BlackElo "2588"]
[Annotator "Huebner,R"]
[PlyCount "84"]
[EventDate "2003.07.11"]
[EventType "tourn"]
[EventRounds "11"]
[EventCountry "CHN"]
[EventCategory "12"]
[SourceTitle "CBM 097"]
[Source "ChessBase"]
[SourceDate "2003.11.11"]
[SourceVersion "1"]
[SourceVersionDate "2003.11.11"]
[SourceQuality "1"]

1. d4 d5 2. Nf3 Nf6 3. c4 c6 4. Nc3 dxc4 5. a4 Bf5 6. Ne5 Nbd7 7. Nxc4 Nb6 8.
Ne5 a5 9. f3 Nfd7 10. Nxd7 Nxd7 11. e4 Bg6 12. Be3 e5 (12... e6 13. Be2 Bb4 14.
O-O O-O 15. Qb3 Qc7 16. Rac1 Rae8 17. Kh1 $14 {1-0 Kosyrev,V-Kuporosov,V/St
Petersburg 2001/EXT 2002 (51). (50)}) 13. dxe5 Nxe5 14. Be2 Qxd1+ (14... f6 15.
Qxd8+ Rxd8 16. Bb6 Ra8 17. O-O-O Bb4 $11 {1/2-1/2 Touzane,O-Golubovic,B/
Leipzig 2002/CBM 89/[Huebner,R] (60). (60)}) 15. Rxd1 f6 16. f4 Nd7 17. Bg4 Rd8
18. O-O Bb4 19. Bf2 Be7 20. Rfe1 h5 21. Bf5 $6 (21. Bh3 $14) 21... Bxf5 22.
exf5 Kf7 23. Ne4 Rhe8 24. Nd6+ Bxd6 25. Rxd6 Nb8 26. Rxe8 Rxe8 ({Zum Ausgleich
führt} 26... Rxd6 27. Rxb8 Rd1+ 28. Be1 Rxe1+ 29. Kf2 Re7 30. Kf3 (30. Ra8 {
ist nicht besser:} Re4) 30... Rd7 $11) 27. Bc5 Kg8 28. Kf2 Na6 29. Bd4 Nb4 30.
Kf3 Re1 31. Rd8+ Kh7 32. Rb8 Rf1+ 33. Ke4 Nd5 34. g3 h4 35. Rxb7 h3 36. Rb3 $2
({Unzureichend ist} 36. Rd7 Rh1 37. Rd6 Ne7 38. Bc5 (38. Re6 {scheitert an}
Rxh2 39. Rxe7 Re2+ 40. Be3 h2) (38. Bc3 Rxh2 39. Rd1 Nd5 {ist ebenfalls
unbequem für Weiß.}) 38... Rxh2 39. Rd1 Nd5 {mit Vorteil für Schwarz.}) ({
Richtig ist} 36. Ra7 Rh1 37. Rxa5 Rxh2 38. Rc5 Re2+ 39. Kf3 Rd2 ({Nach} 39...
h2 40. Rc1 Rd2 41. Ke4 Re2+ 42. Kd3 Rg2 43. Rh1 Rxg3+ 44. Kc4 Rg2 45. a5 {
erhält Weiß Gewinnaussichten.}) 40. Ke4 Re2+ 41. Kf3 (41. Kd3 {scheitert an}
Re1) 41... Rd2 {mit remis.}) 36... Rh1 37. g4 $2 (37. Rd3 Rxh2 38. Rd1 {
mußte versucht werden. Der Textzug entzieht dem Bauern auf f4 eine wichtige
Deckung; Weiß dürfte danach keine Rettungsmöglichkeiten mehr haben.}) 37...
Rxh2 38. Rg3 Kg8 39. g5 (39. Rg1 Re2+ 40. Kf3 Rd2 41. Ke4 Nxf4 42. Kxf4 (42.
Be3 {wird mit} Ne2 43. Bxd2 h2 44. Rh1 Ng3+ 45. Kf3 Nxh1 46. Kg2 Ng3 47. Kxh2
Nf1+ $19 {widerlegt.}) 42... Rxd4+ 43. Kg3 Rxa4 44. Kxh3 Rb4 45. Ra1 a4 {
ist ebenfalls hoffnungslos für Weiß.}) 39... Re2+ 40. Kf3 Rd2 41. Ke4 Nxf4 42.
Bg1 (42. gxf6 {scheitert an} Rxd4+) (42. Be3 h2 43. Kxf4 h1=Q 44. Bxd2 Qf1+ {
ist aussichtslos für Weiß.}) 42... Ne2 0-1

[Event "NED-chT 0102 playoff"]
[Site "Enschede"]
[Date "2002.05.10"]
[Round "2.1"]
[White "Piket, Jeroen"]
[Black "Van Wely, Loek"]
[Result "0-1"]
[WhiteElo "2659"]
[BlackElo "2642"]
[Annotator "Huebner,R"]
[PlyCount "80"]
[EventDate "2002.05.09"]
[EventType "team-k.o."]
[EventRounds "2"]
[EventCountry "NED"]
[SourceTitle "CBM 089"]
[Source "ChessBase"]
[SourceDate "2002.08.12"]
[SourceVersion "1"]
[SourceVersionDate "2002.08.12"]
[SourceQuality "1"]
[WhiteTeam "Hilversum HSG"]
[BlackTeam "Ordina Breda"]
[WhiteTeamCountry "NED"]
[BlackTeamCountry "NED"]

1. d4 d5 2. c4 c6 3. Nc3 Nf6 4. Nf3 dxc4 5. a4 Bf5 6. Ne5 Nbd7 7. Nxc4 Qc7 8.
g3 e5 9. dxe5 Nxe5 10. Bf4 Nfd7 11. Bg2 g5 12. Nxe5 {Weit häufiger wurde bisher
} (12. Ne3 {gespielt.}) 12... gxf4 13. Nxd7 O-O-O 14. Qd4 Qxd7 15. Qxf4 ({
Die Fortsetzung} 15. Qxh8 Qd2+ 16. Kf1 Qxb2 17. Re1 Bb4 18. Qf6 Qc2 {braucht
Schwarz nicht zu fürchten.}) 15... Bd6 16. Qh6 Bc7 (16... Qe6 17. Qxe6+ Bxe6
18. a5 a6 19. Be4 Bb4 $11 {1/2-1/2 Stern,R-Lamprecht,F/Germany 2000/CBM 75 ext
(42). (41)}) 17. a5 $6 {Das scheint mir nicht das Beste zu sein; der Damenturm
des Weißen wird nun diesen Bauern dauernd verteidigen müssen. Plausibler ist} (
17. Rd1 Qe6 (17... Qe7 18. Rxd8+ Rxd8 19. Bh3 $14) 18. Qxe6+ Bxe6 19. Be4 {
mit etwa ausgeglichener Stellung.}) 17... a6 18. O-O Qe6 19. Qh4 {Dies ist
eine Folge des 17. Zuges von Weiß: er muß den Damentausch vermeiden. Nach} (19.
Qxe6+ Bxe6 20. Rfd1 Rxd1+ 21. Nxd1 Rd8 {dringt der Turm des Schwarzen auf d2
ein, und Weiß wird Mühe haben, das Endspiel zu halten. Damentausch wäre aber
wünschenswert für Weiß, denn nun bekommt Schwarz Angriffsaussichten.}) 19... h5
$2 (19... Qe5 $5 {führt zu sehr befriedigendem Spiel für Schwarz.}) 20. Rfc1 $2
{Weiß profitiert nicht vom Fehler des Gegners. Richtig ist} (20. e4 Bg6 (20...
Bg4 {scheitert an} 21. f3 Be5 22. fxg4 hxg4 23. Qg5 Bd4+ 24. Kh1 Rxh2+ 25. Kxh2
Rh8+ 26. Bh3 Bxc3 27. Rf4 {, und Weiß gewinnt.}) 21. Bh3 f5 22. Rfe1 {mit
Gewinnstellung für Weiß.}) 20... Bg4 21. Qg5 $6 (21. h3 {sollte versucht
werden:} Rdg8 (21... f6 22. Ne4) 22. Rd1 f5 23. Nd5 Bd8 24. Nf4 (24. Nb6+ Kb8
25. Rxd8+ Rxd8 26. hxg4 hxg4 27. Qg5 Qxe2 28. Qxf5 Qxb2 29. Rb1 Qd4 {mit
unklarer Stellung}) 24... Qe5 25. Rxd8+ Rxd8 26. hxg4 hxg4 27. Qg5 Kb8 28. Ng6
Qxb2 {Auch hier ist die Lage nicht klar.}) 21... h4 {Jetzt hat Schwarz schon
einen gefährlichen Angriff.} 22. Ne4 ({Nach} 22. Ra4 Rdg8 23. Qd2 hxg3 {
wird Weiß nicht mehr lange leben.}) 22... hxg3 23. hxg3 Bxe2 {Vielleicht ist} (
23... f5 24. Nc5 Qxe2 25. Qg7 Rhe8 26. Bf1 (26. Nxb7 Rd2 $19) 26... Qe5 27.
Qxe5 Bxe5 {aussichtsreicher.}) 24. Re1 Rh5 25. Qc1 $2 (25. Qf6 {erzwingt
Damentausch und bietet Rettungsaussichten:} Bg4 26. b4 Be5 27. Qxe6+ Bxe6 28.
Rad1 {usw.}) 25... Bb5 26. Nc3 Qf6 27. Qe3 ({Die Stellung, die nach} 27. Nxb5
Rxb5 {entsteht, ist ganz aussichtslos für Weiß.}) 27... Rdh8 28. b4 Bc4 29. Ne4
Qg6 30. Rad1 Bd5 $6 (30... Kb8 $19) 31. Qc3 $6 (31. Qa7 Bb8 32. Qa8 Qh6 33. f4
{bietet vielleicht noch Schwindelchancen.}) 31... Qh6 (31... Qh7 {hätte die
Verteidigungsmöglichkeit 32.Kf1 ausgeschaltet. Die Stellung ist jedoch auf
jeden Fall gewonnen für Schwarz; Weiß hat keine Möglichkeit, dem Hauptmangel
seiner Stellung abzuhelfen: seiner offenen Königsstellung.}) 32. f4 (32. Kf1
Qe6 33. f3 (33. Kg1 f5 $19) 33... Qh6 34. Qf6 Qf8 {und Schwarz gewinnt langsam,
aber sicher.}) 32... Kb8 33. Qf6 Qh7 34. Rd2 Rh1+ 35. Kf2 Rxe1 36. Ng5 Qh2 37.
Kxe1 Qg1+ 38. Bf1 Re8+ 39. Re2 Qxg3+ 40. Kd1 Bb3+ 0-1